ბათუმის შოთა რუსთაველის სახელმწიფო უნივერსიტეტის ბიბლიოთეკა

Counselling children : (ბიბ.ჩანაწერი № 59816)

000 -LEADER
fixed length control field 00791cam a2200229 i 4500
001 - CONTROL NUMBER
control field 19577404
005 - DATE AND TIME OF LATEST TRANSACTION
control field 20230424122118.0
008 - FIXED-LENGTH DATA ELEMENTS--GENERAL INFORMATION
fixed length control field 170330s2018 caua b 001 0 eng
020 ## - INTERNATIONAL STANDARD BOOK NUMBER
International Standard Book Number 9781473953338x
041 ## - LANGUAGE CODE
Language code of text/sound track or separate title eng
080 ## - UNIVERSAL DECIMAL CLASSIFICATION NUMBER
Universal Decimal Classification number 616.97+159.9 G-34
100 ## - MAIN ENTRY--PERSONAL NAME
Personal name Geldard, Kathryn
9 (RLIN) 17754
245 10 - TITLE STATEMENT
Title Counselling children :
Remainder of title a practical introduction /
Statement of responsibility, etc. Kathryn Geldard, David Geldard, and Rebecca Yin Foo.
250 ## - EDITION STATEMENT
Edition statement 5th edition.
264 #1 - PRODUCTION, PUBLICATION, DISTRIBUTION, MANUFACTURE, AND COPYRIGHT NOTICE
Place of production, publication, distribution, manufacture Los Angeles :
Name of producer, publisher, distributor, manufacturer SAGE,
Date of production, publication, distribution, manufacture, or copyright notice 2018.
300 ## - PHYSICAL DESCRIPTION
Extent 370 pages :
Other physical details illustrations ;
Dimensions 25 cm.
653 ## - INDEX TERM--UNCONTROLLED
keyword საბავშვო ფსიქოთერაპია
653 ## - INDEX TERM--UNCONTROLLED
keyword მედიცინა
700 1# - ADDED ENTRY--PERSONAL NAME
Personal name Geldard, David
Relator term ავტორი
9 (RLIN) 17752
700 1# - ADDED ENTRY--PERSONAL NAME
Personal name Foo, Rebecca Yin
Relator term ავტორი
9 (RLIN) 17753
942 ## - ADDED ENTRY ELEMENTS (KOHA)
Source of classification or shelving scheme
Koha item type წიგნი
ეგზემპლარები
Withdrawn status Lost status Source of classification or shelving scheme Damaged status Not for loan Permanent Location Current Location Shelving location Date acquired Cost, normal purchase price Full call number Barcode Date last seen Copy number Price effective from Koha item type Public note
          ბათუმის შოთა რუსთაველის სახელმწიფო უნივერსიტეტის მთავარი ბიბლიოთეკა ბათუმის შოთა რუსთაველის სახელმწიფო უნივერსიტეტის მთავარი ბიბლიოთეკა წიგნსაცავი 2023-04-24 111.00 616.97+159.9 G-34 29402 2023-04-24 29402 2023-04-24 წიგნი 111 ლ.